|
|
|
|
| LEADER |
00000nam0a2200000 4500 |
| 001 |
314796 |
| 005 |
20231102002719.0 |
| 020 |
|
|
|a RU
|b 82-43317
|
| 035 |
|
|
|a (RuTPU)RU\TPU\book\340227
|
| 090 |
|
|
|a 314796
|
| 100 |
|
|
|a 20160219d1982 k y0rusy5003 ca
|
| 101 |
0 |
|
|a rus
|
| 102 |
|
|
|a UA
|
| 105 |
|
|
|a a z 001zy
|
| 200 |
1 |
|
|a Физико-химический способ предотвращения газодинамических явлений в угольных шахтах
|f Ф. А. Абрамов [и др.]
|g Академия наук Украинской ССР (АН УССР), Институт геотехнической механики (ИГМ) ; отв. ред. Б. Е. Грецингер
|
| 210 |
|
|
|a Киев
|c Наукова думка
|d 1982
|
| 215 |
|
|
|a 106 с.
|c с.
|
| 300 |
|
|
|a Авт. указаны на обороте тит. л.
|
| 320 |
|
|
|a Библиогр.: с. 102-105
|
| 606 |
1 |
|
|a Угольные шахты
|x Газодинамические явления
|x Прогноз
|x Предотвращение
|2 stltpush
|3 (RuTPU)RU\TPU\subj\62806
|9 79873
|
| 610 |
1 |
|
|a газовыделение
|
| 610 |
1 |
|
|a рабочие растворы
|
| 610 |
1 |
|
|a разработка
|
| 610 |
1 |
|
|a уголь
|
| 610 |
1 |
|
|a механические свойства
|
| 610 |
1 |
|
|a твердеющие растворы
|
| 610 |
1 |
|
|a влияние
|
| 610 |
1 |
|
|a угольный массив
|
| 610 |
1 |
|
|a очистные выработки
|
| 610 |
1 |
|
|a крутые виброопасные пласты
|
| 610 |
1 |
|
|a вскрытие
|
| 610 |
1 |
|
|a газовые выбросы
|
| 610 |
1 |
|
|a угольные выбросы
|
| 675 |
|
|
|a 622.831.325
|z rus
|v 4
|
| 701 |
|
1 |
|a Абрамов
|b Ф. А.
|g Федор Алексеевич
|
| 701 |
|
1 |
|a Олейник
|b В. А.
|g Владимир Афанасьевич
|
| 701 |
|
1 |
|a Репка
|b В. В.
|g Валерий Васильевич
|
| 701 |
|
1 |
|a Шевелев
|b Г. А.
|g Гаррий Агапович
|
| 702 |
|
1 |
|a Грецингер
|b Б. Е.
|g Борис Евгеньевич
|4 340
|
| 712 |
0 |
2 |
|a Академия наук Украинской ССР (АН УССР)
|b Институт геотехнической механики (ИГМ)
|2 stltpush
|3 (RuTPU)RU\TPU\col\11530
|
| 801 |
|
0 |
|a RU
|b RuMRKP
|c 19950704
|g psbo
|
| 801 |
|
1 |
|a RU
|b 63413507
|c 20160219
|
| 801 |
|
2 |
|a RU
|b 63413507
|c 20200529
|g RCR
|
| 942 |
|
|
|c BK
|